000 02047nam a2200349 a 4500
001 ebr10658454
003 CaPaEBR
006 m u
007 cr cn|||||||||
008 121010s2013 njua sb 001 0 eng d
010 _z 2012040851
020 _z9780470656068 (pbk.)
020 _z9781118488201 (e-book)
040 _aCaPaEBR
_cCaPaEBR
035 _a(OCoLC)844350676
050 1 4 _aRT86.45
_b.S36 2013eb
082 0 4 _a610.68
_223
100 1 _aScott, Ian,
_d1964-
245 1 0 _aPractice-based learning in nursing, health and social care
_h[electronic resource] :
_bmentorship, facilitation and supervision /
_cIan Scott, Jenny Spouse.
260 _aHoboken, N.J. :
_bWiley-Blackwell,
_c2013.
300 _aix, 228 p. :
_bill.
504 _aIncludes bibliographical references and index.
505 0 _aMentoring and supervision and other facilitative relationships -- Personal and professional aspects of supervising others -- The workplace as a learning environment : structures and sources of support and supervision -- Practice settings as a learning resource -- Identifying your learner's needs and documenting a working learning plan -- Facilitating professional development -- Reporting on progress : assessing performance and keeping evidence -- Giving feedback and documenting progress -- Inquiring into personal professional practice -- Personal and professional development planning.
533 _aElectronic reproduction.
_bPalo Alto, Calif. :
_cebrary,
_d2013.
_nAvailable via World Wide Web.
_nAccess may be limited to ebrary affiliated libraries.
588 _aDescription based on print version record and CIP data provided by publisher; resource not viewed.
650 0 _aNursing services
_xAdministration
_vCase studies.
650 0 _aMentoring in nursing
_vCase studies.
655 7 _aElectronic books.
_2local
700 1 _aSpouse, Jenny.
710 2 _aebrary, Inc.
856 4 0 _uhttp://site.ebrary.com/lib/rucke/Doc?id=10658454
_zAn electronic book accessible through the World Wide Web; click to view
999 _c65373
_d65373